• 首页
  • 本馆介绍
  • 公告通知
  • 最新文献
  • 馆藏检索
  • 电子资源
  • 读者导购
  • 参考咨询
  • 我的图书馆
  • 登录
  • 详细信息显示
  • 放入我的书架
  • 预约/预借图书
  • 作者相关作品
  • 分类相关作品
  • 丛书相关作品
  • 出版社相关作品

书目信息

  • 表格格式
  • 工作单格式
  • 卡片格式
题名:
再也不怕跟陌生人打交道
    
 
作者: 马彦威 著
分册:  
出版信息: 北京   中国纺织出版社  2018
页数: 221页
开本: 24cm
丛书名:
单 册:
中图分类: C912.13-49
科图分类:
主题词: 人际关系--ren ji guan xi--口才学--通俗读物
电子资源:
ISBN: 978-7-5180-4625-6
000 01264nam0 2200265 450
001 012001002619
005 20131023170927.0
010    @a978-7-5180-4625-6@dCNY36.80
099    @aCAL 012018048208
100    @a20180426d2018 em y0chiy50 ea
101 0  @achi
102    @aCN@b110000
105    @aac a 000yy
106    @ar
200 1  @a再也不怕跟陌生人打交道@Azai ye bu pa gen mo sheng ren da jiao dao@e跟谁都能聊得来@f马彦威著
210    @a北京@c中国纺织出版社@d2018
215    @a221页@c图, 肖像@d24cm
320    @a有书目 (第221页)
330    @a现代社会,社交能力已经成为人们一项重要的生存能力,而良好的语言表达和沟通能力,则能够帮助人们拓宽人脉,建立良好的人际关系,因而擅长和陌生人进行交往也就成为人们必不可少的社交技能。 《再也不怕跟陌生人打交道;跟谁都能聊得来》以心理学知识为基础,从心理学的角度出发,帮助人们拓宽思路,能为人们提升社交中的语言表达能力奠定良好的基础。通读此书后,你会发现自己的聊天能力得到大幅提升,并且能够做到与陌生人轻松自如地聊天,从而为自己 的人生开启崭新的篇章。
517 1  @a跟谁都能聊得来@Agen shui dou neng liao de lai
606 0  @a人际关系@Aren ji guan xi@x口才学@j通俗读物
690    @aC912.13-49@v5
701  0 @a马彦威@Ama yan wei@4著
801  2 @aCN@b江苏凤凰@c20191020
905    @b1220412-5@dC912.13-49@e1660@f4
    
    再也不怕跟陌生人打交道:跟谁都能聊得来/马彦威著.-北京:中国纺织出版社,2018
    221页:图, 肖像;24cm
    
    
    ISBN 978-7-5180-4625-6:CNY36.80
    现代社会,社交能力已经成为人们一项重要的生存能力,而良好的语言表达和沟通能力,则能够帮助人们拓宽人脉,建立良好的人际关系,因而擅长和陌生人进行交往也就成为人们必不可少的社交技能。 《再也不怕跟陌生人打交道;跟谁都能聊得来》以心理学知识为基础,从心理学的角度出发,帮助人们拓宽思路,能为人们提升社交中的语言表达能力奠定良好的基础。通读此书后,你会发现自己的聊天能力得到大幅提升,并且能够做到与陌生人轻松自如地聊天,从而为自己 的人生开启崭新的篇章。
●
相关链接 在E读中查询图书 在五车中查询图书 在当当中查询图书 在豆瓣中查询图书


正题名:再也不怕跟陌生人打交道     索取号:C912.13-49/1660         预约/预借

序号 登录号 条形码 馆藏地/架位号 状态 备注
1 1220412   212204121   第一样本阅览室/ [索取号:C912.13-49/1660] 在馆    
2 1220413   212204130   教育系资料室/ [索取号:C912.13-49/1660] 在馆    
3 1220414   212204149   教育系资料室/ [索取号:C912.13-49/1660] 在馆    
4 1220415   212204158   第一借阅区/ [索取号:C912.13-49/1660] 在馆    
唐山师范学院图书馆 欢迎您!
大连网信软件有限公司© 版权所有